[Event "Duesseldorf Nord Cup 8th GrH"]
[Site "Duesseldorf"]
[Date "2008.08.02"]
[Round "3"]
[White "Kremer, Klaus"]
[Black "Kopowski, Juergen"]
[Result "0-1"]
[WhiteElo "1692"]
[BlackElo "1683"]
[PlyCount "92"]
[EventDate "2008.08.01"]
[EventType "tourn"]
[EventRounds "5"]
[EventCountry "GER"]
[SourceTitle "EXT 2017"]
[Source "ChessBase"]
[SourceDate "2016.10.25"]
[SourceVersion "1"]
[SourceVersionDate "2016.10.25"]
[SourceQuality "1"]

1. c4 e5 2. Nc3 Nf6 3. g3 g6 4. Bg2 Bg7 5. Qb3 Nc6 6. e3 0-0 7. Nge2 Rb8 8. 0-0 Ne7 9. d4 exd4 10. Nxd4 c6 11. a4 a6 12. Rd1 Qa5 13. Qa3 Nf5 14. b4 Qe5 15. f4 Qe8 16. Nxf5 gxf5 17. Ra2 Qe6 18. Qb3 b5 19. axb5 axb5 20. Bf1 Ng4 21. Nb1 Re8 22. Re1 bxc4 23. Bxc4 d5 24. Bf1 c5 25. b5 c4 26. Qb4 Bd7 27. Na3 Bf8 28. Qc3 Bg7 29. Qb4 Rf8 30. h3 Nf6 31. Bb2 Ne4 32. Bxg7 Kxg7 33. Rg2 Qf6 34. Kh2 Nc3 35. Rb2 Nxb5 36. Bg2 Nxa3 37. Qxb8 Rxb8 38. Rxb8 Be6 39. Rd1 Nc2 40. Rb6 Nxe3 41. Re1 Nxg2 42. Kxg2 d4 43. Kf2 d3 44. Re5 Qd8 45. Rc6 Qd4+ 46. Kg2 Bd5+ 0-1